| 000 | 00665cam a2200229 4500500 | ||
|---|---|---|---|
| 005 | 20260405003044.0 | ||
| 041 | _afre | ||
| 042 | _adc | ||
| 100 | 1 | 0 |
_aEltchaninoff, Michel _eauthor |
| 245 | 0 | 0 | _aBienvenue dans l’Europe d’après |
| 260 | _c2020. | ||
| 500 | _a91 | ||
| 690 | _aCovid-19 | ||
| 690 | _aEurope | ||
| 690 | _aFernando Savater | ||
| 690 | _aGunnar Olsson | ||
| 690 | _aTeresa Pullano | ||
| 690 | _aUE | ||
| 690 | _aUnion Européenne | ||
| 786 | 0 | _nPhilosophie magazine | 140 | 7 | 2020-07-01 | p. 17-17 | 1951-1787 | |
| 856 | 4 | 1 | _uhttps://shs.cairn.info/magazine-philosophie-magazine-2020-7-page-17?lang=fr&redirect-ssocas=7080 |
| 999 |
_c2063989 _d2063989 |
||